| 000 | 00804 a2200193 4500 | ||
|---|---|---|---|
| 001 | 130627 | ||
| 020 | _a85-02-02021-8 | ||
| 040 | _cLeonardo Da Vinci | ||
| 041 | _aPortuguês | ||
| 082 |
_a346.01 R616d _bR616d |
||
| 100 | _aRODRIGUES, Silvio | ||
| 245 |
_aDireito Civil _bdos contratos e das declarações unilaterais da vontade |
||
| 250 | _a26.ed. v.3 | ||
| 260 |
_bSaraiva _c1999 _aSão Paulo |
||
| 300 | _a400 | ||
| 362 | _a19990000 | ||
| 697 |
_aDireito Civil _aContrato _aContrato bilateral _aContrato aleatório _aContrato em espécie _aContrato de edição _aSociedade _aParceria rural _aSeguro _aFiança _aDeclaração unilateral _aPromessa _aRecompensa _aCompra _aVenda _aDoação _aLocação _aTroca _aEmpréstimo _aDepósito _aMandato _aArras _aVício redibitório _aEvicção _aBrasil _aFIPEN |
||
| 942 | _cBK | ||
| 999 |
_c130627 _d130627 |
||